[Event "4NCL/Div2/PYO vs. SWD1"]
[Site "Birmingham ENG"]
[Date "2006.04.29"]
[Round "9.1"]
[White "Rendle, Thomas E"]
[Black "Cobb, James E"]
[Result "1/2-1/2"]
[WhiteElo "2357"]
[BlackElo "2365"]
[PlyCount "61"]
[EventDate "2006.04.29"]
[EventType "team"]
[EventRounds "11"]
[EventCountry "ENG"]
[SourceDate "2006.04.29"]
[WhiteTeam "Perceptron Yth"]
[BlackTeam "S W Dragons 1"]

1. e4 e5 2. Nf3 Nc6 3. Bb5 a6 4. Ba4 Nf6 5. O-O Be7 6. Bxc6 dxc6 7. d3 Nd7 8.
Nbd2 O-O 9. Nc4 Bf6 10. b3 Re8 11. Qe2 Nf8 12. h3 c5 13. Nh2 Ne6 14. Ng4 Nd4
15. Qd1 b5 16. Nce3 Bg5 17. c3 Nc6 18. Nd5 Bxc1 19. Rxc1 f5 20. Nh2 Be6 21. c4
b4 22. f4 exf4 23. Rxf4 Nd4 24. Nf3 Bxd5 25. cxd5 Qd6 26. g3 fxe4 27. Nxd4 cxd4
28. dxe4 Rxe4 29. Rxe4 Qxg3+ 30. Kh1 Qxh3+ 31. Kg1 1/2-1/2

[Event "4NCL/Div2/PYO vs. SWD1"]
[Site "Birmingham ENG"]
[Date "2006.04.29"]
[Round "9.2"]
[White "Cooper, John G"]
[Black "Bigg, Andrew J"]
[Result "1/2-1/2"]
[WhiteElo "2347"]
[BlackElo "2281"]
[PlyCount "74"]
[EventDate "2006.04.29"]
[EventType "team"]
[EventRounds "11"]
[EventCountry "ENG"]
[SourceDate "2006.04.29"]
[WhiteTeam "S W Dragons 1"]
[BlackTeam "Perceptron Yth"]

1. d4 Nf6 2. c4 e6 3. Nc3 Bb4 4. e3 Bxc3+ 5. bxc3 b6 6. Bd3 Bb7 7. Nf3 Ne4 8.
O-O f5 9. Ne1 O-O 10. f3 Nf6 11. c5 Nc6 12. e4 bxc5 13. exf5 cxd4 14. fxe6 dxe6
15. Qb3 Qc8 16. cxd4 Nxd4 17. Qc4 Nc6 18. Bb2 Ne7 19. Nc2 Ned5 20. Rfe1 a5 21.
Qc5 Ba6 22. Rad1 Bxd3 23. Rxd3 Qa6 24. Rd2 Rab8 25. Nd4 Rfe8 26. Ba1 Qb6 27.
Rc2 Nb4 28. Qxb6 cxb6 29. Rc7 Nfd5 30. Rd7 Nf6 31. Ra7 Nd3 32. Nxe6 Nxe1 33.
Rxg7+ Kh8 34. Bxf6 Rxe6 35. Bd4 Rd6 36. Be5 Rd5 37. Bf6 Rd6 1/2-1/2

[Event "4NCL/Div2/PYO vs. SWD1"]
[Site "Birmingham ENG"]
[Date "2006.04.29"]
[Round "9.3"]
[White "Player, Edmund C"]
[Black "Jones, Richard S"]
[Result "1/2-1/2"]
[WhiteElo "2122"]
[BlackElo "2308"]
[PlyCount "63"]
[EventDate "2006.04.29"]
[EventType "team"]
[EventRounds "11"]
[EventCountry "ENG"]
[SourceDate "2006.04.29"]
[WhiteTeam "Perceptron Yth"]
[BlackTeam "S W Dragons 1"]

1. e4 c5 2. Nc3 Nc6 3. Bb5 Nd4 4. Bc4 e6 5. Nge2 Nf6 6. O-O a6 7. d3 d6 8. Nxd4
cxd4 9. Ne2 b5 10. Bb3 Qb6 11. a4 Bb7 12. axb5 axb5 13. Rxa8+ Bxa8 14. c3 dxc3
15. Nxc3 Be7 16. Nxb5 O-O 17. Nc3 Rb8 18. Bc2 e5 19. Qe2 Rc8 20. h3 h6 21. Qe3
Qb4 22. Qg3 Kh8 23. Bb1 Qa5 24. Qf3 Kg8 25. Qe2 Bd8 26. Ba2 Bb6 27. Bc4 Bd4 28.
Nb5 Bc5 29. Bd2 Qd8 30. b4 Bb6 31. Be3 d5 32. Bxb6 1/2-1/2

[Event "4NCL/Div2/PYO vs. SWD1"]
[Site "Birmingham ENG"]
[Date "2006.04.29"]
[Round "9.4"]
[White "Dineley, Richard D P"]
[Black "Eckersley-Waites, Tom"]
[Result "1-0"]
[WhiteElo "2264"]
[BlackElo "2111"]
[PlyCount "99"]
[EventDate "2006.04.29"]
[EventType "team"]
[EventRounds "11"]
[EventCountry "ENG"]
[SourceDate "2006.04.29"]
[WhiteTeam "S W Dragons 1"]
[BlackTeam "Perceptron Yth"]

1. e4 c5 2. Nf3 Nc6 3. d4 cxd4 4. Nxd4 Nf6 5. Nc3 e5 6. Ndb5 d6 7. Bg5 a6 8.
Na3 b5 9. Bxf6 gxf6 10. Nd5 f5 11. Bd3 Be6 12. O-O Bxd5 13. exd5 Ne7 14. Re1
Bg7 15. c3 O-O 16. Nc2 f4 17. a4 bxa4 18. Rxa4 a5 19. g3 f5 20. Qh5 Qb6 21. Nd4
e4 22. Ne6 exd3 23. Nxg7 fxg3 24. hxg3 Ng6 25. Ne6 Rf7 26. Ng5 Rg7 27. Nxh7 d2
28. Rd1 Qd8 29. Ng5 Qf6 30. Ne6 Rh7 31. Qg5 Qxg5 32. Nxg5 Rb7 33. Rxd2 Rab8 34.
Rxa5 Ne5 35. Re2 Rxb2 36. Rxb2 Rxb2 37. Ra6 Ng4 38. Rxd6 Nxf2 39. Rg6+ Kh8 40.
Rh6+ Kg7 41. Rh2 Nd1 42. Rxb2 Nxb2 43. Nf3 Kf6 44. Nd2 Ke5 45. c4 Nd3 46. Kg2
Nc5 47. Kf3 Nb7 48. Ke3 Na5 49. Kd3 Kd6 50. Kd4 1-0

[Event "4NCL/Div2/PYO vs. SWD1"]
[Site "Birmingham ENG"]
[Date "2006.04.29"]
[Round "9.5"]
[White "Levermore, Peter A"]
[Black "James, David J"]
[Result "1/2-1/2"]
[WhiteElo "2086"]
[BlackElo "2222"]
[PlyCount "84"]
[EventDate "2006.04.29"]
[EventType "team"]
[EventRounds "11"]
[EventCountry "ENG"]
[SourceDate "2006.04.29"]
[WhiteTeam "Perceptron Yth"]
[BlackTeam "S W Dragons 1"]

1. e4 c5 2. c3 d5 3. exd5 Qxd5 4. d4 Nf6 5. Nf3 e6 6. Be2 cxd4 7. cxd4 Nc6 8.
Nc3 Qd8 9. O-O Be7 10. Be3 O-O 11. Ne5 Nb4 12. Rc1 Nbd5 13. Bf3 a6 14. Qb3 Re8
15. Bg5 Nxc3 16. bxc3 Nd5 17. Bd2 f6 18. Nd3 b5 19. Nf4 Bb7 20. Nxe6 Qd7 21.
Nf4 Rad8 22. Rfe1 g5 23. Nxd5 Bxd5 24. Bxd5+ Qxd5 25. Qxd5+ Rxd5 26. Re6 Rd6
27. Rce1 Kf7 28. R6e4 Rd7 29. h3 Rc8 30. Re6 Bd6 31. g3 Rc4 32. R6e2 Ra4 33.
Ra1 Bc7 34. Be1 Ba5 35. Rc2 Rc7 36. Rac1 Rac4 37. Kf1 Ke6 38. Ke2 Kd5 39. Kd3
b4 40. f3 bxc3 41. Bxc3 Bxc3 42. Rxc3 Rxd4+ 1/2-1/2

[Event "4NCL/Div2/PYO vs. SWD1"]
[Site "Birmingham ENG"]
[Date "2006.04.29"]
[Round "9.6"]
[White "Zeidler, Sven P"]
[Black "Wells, Daniel"]
[Result "1-0"]
[WhiteElo "2203"]
[BlackElo "1988"]
[PlyCount "69"]
[EventDate "2006.04.29"]
[EventType "team"]
[EventRounds "11"]
[EventCountry "ENG"]
[SourceDate "2006.04.29"]
[WhiteTeam "S W Dragons 1"]
[BlackTeam "Perceptron Yth"]

1. e4 c5 2. Nc3 Nc6 3. f4 g6 4. Nf3 Bg7 5. Bb5 Nd4 6. O-O a6 7. Bd3 e6 8. e5 d5
9. Nxd4 cxd4 10. Ne2 Qb6 11. a4 Ne7 12. a5 Qa7 13. Qe1 O-O 14. b3 f6 15. Ba3
Rf7 16. Ng3 Bd7 17. f5 gxf5 18. Nxf5 Nxf5 19. Bxf5 b5 20. Bd3 f5 21. Rf4 Qc7
22. Bd6 Qd8 23. Qh4 Qxh4 24. Rxh4 Bf8 25. Bxf8 Raxf8 26. Rxd4 f4 27. Rf1 Kg7
28. Rf3 h5 29. g3 fxg3 30. Rxg3+ Kh6 31. Rg6+ Kh7 32. Rxe6+ Kh8 33. Rh6+ Kg8
34. Rg6+ Kh8 35. e6 1-0

[Event "4NCL/Div2/PYO vs. SWD1"]
[Site "Birmingham ENG"]
[Date "2006.04.29"]
[Round "9.7"]
[White "Hulley, John"]
[Black "Morris, Charles F"]
[Result "0-1"]
[WhiteElo "2055"]
[BlackElo "2203"]
[PlyCount "52"]
[EventDate "2006.04.29"]
[EventType "team"]
[EventRounds "11"]
[EventCountry "ENG"]
[SourceDate "2006.04.29"]
[WhiteTeam "Perceptron Yth"]
[BlackTeam "S W Dragons 1"]

1. d4 d5 2. Bg5 h6 3. Bh4 Bf5 4. e3 Qd6 5. Qd2 Nc6 6. Nf3 Qg6 7. Bd3 Bxd3 8.
Qxd3 Qxg2 9. Rg1 Qxf3 10. Nd2 Qh3 11. Bg3 Qd7 12. O-O-O e6 13. e4 Nge7 14. exd5
Nxd5 15. Nc4 Ndb4 16. Qe3 Qd5 17. b3 Qf5 18. Rd2 Nd5 19. Qe2 b5 20. Nb2 Nc3 21.
Qe3 Nb4 22. Nd1 Nbd5 23. Qe1 Ba3+ 24. Nb2 Nb4 25. Re2 Nbxa2+ 26. Kd2 Nxe2 0-1

[Event "4NCL/Div2/PYO vs. SWD1"]
[Site "Birmingham ENG"]
[Date "2006.04.29"]
[Round "9.8"]
[White "Wilson, Julie"]
[Black "Hutchinson, Joanne"]
[Result "1-0"]
[WhiteElo "1945"]
[BlackElo "1715"]
[PlyCount "85"]
[EventDate "2006.04.29"]
[EventType "team"]
[EventRounds "11"]
[EventCountry "ENG"]
[SourceDate "2006.04.29"]
[WhiteTeam "S W Dragons 1"]
[BlackTeam "Perceptron Yth"]

1. d4 Nf6 2. c4 g6 3. Nc3 Bg7 4. e4 d6 5. Bd3 O-O 6. Nge2 c5 7. d5 Nbd7 8. f4
Re8 9. O-O Nf8 10. Bd2 e6 11. Rb1 exd5 12. cxd5 a6 13. b4 c4 14. Bc2 b5 15. h3
Bb7 16. Be1 N8d7 17. Ng3 Re7 18. Qf3 Qb6+ 19. Bf2 Qc7 20. Rbd1 Kh8 21. Bd4 Rae8
22. Rfe1 Bc8 23. Qf2 Qb8 24. Re2 a5 25. a3 axb4 26. axb4 Qb7 27. Ra1 Nf8 28.
Ra5 Bd7 29. Ra7 Qc8 30. Qe1 Ng8 31. Bxg7+ Kxg7 32. Qa1 f6 33. Ra6 Qc7 34. Re1
Rb8 35. Nge2 Kf7 36. Nd4 Rb6 37. Qa5 Qc8 38. Qxb6 Bxh3 39. Nf3 Qg4 40. Qf2 Qc8
41. Rxd6 Bg4 42. e5 Qc7 43. Rc6 1-0

[Event "4NCL/Div2/OXF1 vs. WRO"]
[Site "Birmingham ENG"]
[Date "2006.04.29"]
[Round "9.1"]
[White "Savage, Ben D"]
[Black "Hanley, Craig A"]
[Result "1-0"]
[WhiteElo "2310"]
[BlackElo "2418"]
[PlyCount "105"]
[EventDate "2006.04.29"]
[EventType "team"]
[EventRounds "11"]
[EventCountry "ENG"]
[SourceDate "2006.04.29"]
[WhiteTeam "Oxford 1"]
[BlackTeam "White Rose"]

1. e4 c5 2. c3 Nf6 3. e5 Nd5 4. d4 cxd4 5. Nf3 e6 6. cxd4 d6 7. Bc4 Nb6 8. Bb3
Nc6 9. O-O Be7 10. Qe2 O-O 11. Nc3 Bd7 12. Rd1 Nb4 13. Qe4 Re8 14. exd6 Bf8 15.
Ng5 g6 16. a3 N4d5 17. Qf3 Nf6 18. d5 e5 19. Nce4 Bf5 20. Nxf6+ Qxf6 21. g4 e4
22. Qh3 h6 23. Nxf7 Qxf7 24. gxf5 Qxf5 25. Qxf5 gxf5 26. Bf4 Red8 27. Rac1 Bxd6
28. Bxd6 Rxd6 29. Rc7 Rd7 30. Rxd7 Nxd7 31. Rc1 Ne5 32. Rc7 Kh8 33. d6 Rd8 34.
d7 Rxd7 35. Rxd7 Nxd7 36. Be6 Nb6 37. Bxf5 Nc4 38. Bxe4 b6 39. b3 Nxa3 40. Bd3
Kg7 41. f4 Kf6 42. Kf2 Ke6 43. Ke3 Kd5 44. Kd2 b5 45. Kc3 Kc5 46. f5 a5 47. Kb2
b4 48. Kc1 Kd5 49. Kd2 Ke5 50. Ke3 h5 51. h4 Kf6 52. Kd4 a4 53. bxa4 1-0

[Event "4NCL/Div2/OXF1 vs. WRO"]
[Site "Birmingham ENG"]
[Date "2006.04.29"]
[Round "9.2"]
[White "Kobese, Watu"]
[Black "Rose, Matthew"]
[Result "0-1"]
[WhiteElo "2390"]
[BlackElo "2219"]
[PlyCount "78"]
[EventDate "2006.04.29"]
[EventType "team"]
[EventRounds "11"]
[EventCountry "ENG"]
[SourceDate "2006.04.29"]
[WhiteTeam "White Rose"]
[BlackTeam "Oxford 1"]

1. e4 c5 2. Nf3 d6 3. d4 cxd4 4. Nxd4 Nf6 5. Nc3 Nc6 6. Bc4 Qb6 7. Nb3 e6 8.
Be3 Qc7 9. f4 a6 10. Bd3 b5 11. Qf3 Bb7 12. O-O Be7 13. Rae1 Nb4 14. a3 Nxd3
15. cxd3 O-O 16. Qh3 Rae8 17. g4 Nd7 18. f5 Qd8 19. Nd4 Nc5 20. Bf2 Bf6 21. Nc2
exf5 22. gxf5 Bxc3 23. bxc3 Qg5+ 24. Qg3 Qxg3+ 25. Bxg3 Nxd3 26. Rd1 Ne5 27.
Rxd6 Nc4 28. Re1 Nxd6 29. Bxd6 Rxe4 30. Bxf8 Rxe1+ 31. Nxe1 Kxf8 32. Kf2 Be4
33. Ke3 Bxf5 34. Kd4 Ke7 35. Kc5 Be4 36. Kb6 Kd6 37. Kxa6 Kc5 38. Ka5 Kc4 39.
Kb6 f5 0-1

[Event "4NCL/Div2/OXF1 vs. WRO"]
[Site "Birmingham ENG"]
[Date "2006.04.29"]
[Round "9.3"]
[White "Ozeren, Kemal"]
[Black "Kaid, Almar"]
[Result "1-0"]
[WhiteElo "2286"]
[BlackElo "2275"]
[PlyCount "85"]
[EventDate "2006.04.29"]
[EventType "team"]
[EventRounds "11"]
[EventCountry "ENG"]
[SourceDate "2006.04.29"]
[WhiteTeam "Oxford 1"]
[BlackTeam "White Rose"]

1. d4 d5 2. Nf3 Nf6 3. c4 e6 4. Bg5 Nbd7 5. e3 Be7 6. Nc3 O-O 7. Rc1 dxc4 8.
Bxc4 a6 9. a4 c5 10. O-O cxd4 11. exd4 Nb6 12. Bb3 Bd7 13. Ne5 Bc6 14. Nxc6
bxc6 15. Ne2 Nfd5 16. Bxe7 Nxe7 17. Qd2 a5 18. Rc5 Nbd5 19. Bxd5 cxd5 20. Nc3
Nf5 21. Nb5 Qh4 22. Rfc1 h6 23. b3 Rfb8 24. g3 Qg4 25. Qd1 Qg5 26. Qe2 Qf6 27.
Qe5 Qxe5 28. dxe5 g5 29. Rc7 Rd8 30. Kf1 g4 31. Ke2 d4 32. Kd3 Rd5 33. R1c5
Rad8 34. Na7 Rb8 35. Rxd5 exd5 36. Rc8+ Rxc8 37. Nxc8 Kf8 38. Nd6 Ne7 39. Kxd4
Nc6+ 40. Kxd5 Nb4+ 41. Kc4 Nc6 42. Kb5 Nxe5 43. Kxa5 1-0

[Event "4NCL/Div2/OXF1 vs. WRO"]
[Site "Birmingham ENG"]
[Date "2006.04.29"]
[Round "9.4"]
[White "Potts, Alan W"]
[Black "Smallbone, Kieran"]
[Result "0-1"]
[WhiteElo "2274"]
[BlackElo "2194"]
[PlyCount "62"]
[EventDate "2006.04.29"]
[EventType "team"]
[EventRounds "11"]
[EventCountry "ENG"]
[SourceDate "2006.04.29"]
[WhiteTeam "White Rose"]
[BlackTeam "Oxford 1"]

1. e4 c6 2. d4 d5 3. f3 g6 4. Nc3 Bg7 5. Be3 Qb6 6. Rb1 e5 7. Nge2 Ne7 8. Qd2
Qc7 9. dxe5 Bxe5 10. exd5 Nxd5 11. Nxd5 cxd5 12. Nc3 Be6 13. Nxd5 Bxd5 14. Qxd5
O-O 15. Bd3 Nc6 16. g3 Rad8 17. Qc4 b5 18. Qxb5 Bxg3+ 19. Kf1 Be5 20. Qc4 Qd7
21. h4 Bd4 22. Re1 Rfe8 23. Be4 Bxe3 24. Bxc6 Qc7 25. Rh3 Rd2 26. Re2 Rd1+ 27.
Re1 Rd2 28. Re2 Rd1+ 29. Re1 Qd6 30. Bxe8 Rxe1+ 31. Kg2 Rg1# 0-1

[Event "4NCL/Div2/OXF1 vs. WRO"]
[Site "Birmingham ENG"]
[Date "2006.04.29"]
[Round "9.5"]
[White "Shaw, David A"]
[Black "Adams, David M"]
[Result "1-0"]
[WhiteElo "2200"]
[BlackElo "2240"]
[PlyCount "97"]
[EventDate "2006.04.29"]
[EventType "team"]
[EventRounds "11"]
[EventCountry "ENG"]
[SourceDate "2006.04.29"]
[WhiteTeam "Oxford 1"]
[BlackTeam "White Rose"]

1. e4 Nf6 2. e5 Nd5 3. c4 Nb6 4. d4 d6 5. exd6 cxd6 6. Nc3 g6 7. Be3 Bg7 8. Rc1
O-O 9. b3 e5 10. dxe5 dxe5 11. Qxd8 Rxd8 12. Nb5 Rd7 13. a4 Bf8 14. Be2 Nc6 15.
Nf3 Bb4+ 16. Kf1 Kg7 17. h4 h5 18. g3 Re7 19. Nxa7 Rxa7 20. Bxb6 Ra6 21. Be3
Bf5 22. Kg2 Ba3 23. Ra1 Bb2 24. Ra2 Bc3 25. Bc5 Rd7 26. Rc1 Bd4 27. Nxd4 exd4
28. Bf3 Ne5 29. Bd5 Nd3 30. Bxd4+ Kh7 31. Rd1 Nb4 32. Re2 Nxd5 33. cxd5 Rxd5
34. Re8 f6 35. Rde1 Rd7 36. a5 Rad6 37. Bc5 Rd2 38. b4 Bd3 39. Bd4 Kg7 40.
R1e7+ Rxe7 41. Rxe7+ Kf8 42. Bxf6 Bb5 43. Kf3 Bc6+ 44. Ke3 Rd1 45. Rc7 Re1+ 46.
Kd4 Re2 47. a6 Rxf2 48. axb7 Bxb7 49. Bg7+ 1-0

[Event "4NCL/Div2/OXF1 vs. WRO"]
[Site "Birmingham ENG"]
[Date "2006.04.29"]
[Round "9.6"]
[White "Llaneza Vega, Patricia"]
[Black "Milovanovic, Aleksander"]
[Result "0-1"]
[WhiteElo "2273"]
[BlackElo "2220"]
[PlyCount "92"]
[EventDate "2006.04.29"]
[EventType "team"]
[EventRounds "11"]
[EventCountry "ENG"]
[SourceDate "2006.04.29"]
[WhiteTeam "White Rose"]
[BlackTeam "Oxford 1"]

1. e4 c5 2. Nf3 Nc6 3. Nc3 g6 4. d4 cxd4 5. Nxd4 Bg7 6. Nde2 Nf6 7. g3 d6 8.
Bg2 O-O 9. O-O Bd7 10. Nd5 Nxd5 11. exd5 Ne5 12. a4 Rc8 13. Ra2 Bg4 14. h3 Bf3
15. b3 Qa5 16. Bxf3 Nxf3+ 17. Kg2 Ne5 18. Bg5 Rfe8 19. c4 Nd7 20. Qb1 Nf6 21.
Bd2 Qc7 22. Nc3 a6 23. Be3 e5 24. Rd1 Nd7 25. Ne4 h6 26. f4 f5 27. Nf2 Qd8 28.
Qc1 e4 29. Rc2 Qa5 30. Qa3 Qc7 31. b4 b6 32. Qb3 Kh7 33. Rdc1 a5 34. bxa5 bxa5
35. Qb5 Nc5 36. Bxc5 Qxc5 37. Qxc5 Rxc5 38. Rb1 Rec8 39. Rb6 Rxc4 40. Rxc4 Rxc4
41. Rxd6 Rxa4 42. Rd7 Rd4 43. d6 a4 44. g4 Rd2 45. gxf5 gxf5 46. Kf1 a3 0-1

[Event "4NCL/Div2/OXF1 vs. WRO"]
[Site "Birmingham ENG"]
[Date "2006.04.29"]
[Round "9.7"]
[White "Webster, Ian"]
[Black "Barrett, Steve J"]
[Result "0-1"]
[WhiteElo "2119"]
[BlackElo "2189"]
[PlyCount "94"]
[EventDate "2006.04.29"]
[EventType "team"]
[EventRounds "11"]
[EventCountry "ENG"]
[SourceDate "2006.04.29"]
[WhiteTeam "Oxford 1"]
[BlackTeam "White Rose"]

1. e4 c5 2. Nf3 e6 3. d4 cxd4 4. Nxd4 Nf6 5. Nc3 d6 6. Be2 Be7 7. O-O Nc6 8.
Be3 Bd7 9. a4 O-O 10. f4 Nxd4 11. Qxd4 Bc6 12. Rad1 a6 13. Bf3 Nd7 14. Qc4 Rc8
15. Qa2 b5 16. a5 b4 17. Ne2 Bb5 18. Rd2 Qc7 19. Rfd1 Nc5 20. Nd4 Bd7 21. Bf2
Rfd8 22. Rc1 Qb7 23. e5 Qb8 24. Re1 dxe5 25. fxe5 Be8 26. Rde2 b3 27. Nxb3 Nxb3
28. Qxb3 Qxb3 29. cxb3 Bb5 30. Bb6 Rd3 31. Bb7 Rb8 32. Rc2 g6 33. Rc7 Bd8 34.
Rc8 Rxc8 35. Bxc8 Be7 36. Rc1 Rxb3 37. Rc7 Bb4 38. Ra7 Rxb2 39. Ra8 Kg7 40. h3
Bc6 41. Rxa6 Rxg2+ 42. Kf1 Rc2 43. Kg1 Bf3 44. Bd7 Be1 45. Bb5 Bg3 46. Be3 Rh2
47. Kf1 Ra2 0-1

[Event "4NCL/Div2/OXF1 vs. WRO"]
[Site "Birmingham ENG"]
[Date "2006.04.29"]
[Round "9.8"]
[White "Cumbers, Paul"]
[Black "Messam-Sparkes, Lateefah"]
[Result "1-0"]
[WhiteElo "2123"]
[BlackElo "1785"]
[PlyCount "75"]
[EventDate "2006.04.29"]
[EventType "team"]
[EventRounds "11"]
[EventCountry "ENG"]
[SourceDate "2006.04.29"]
[WhiteTeam "White Rose"]
[BlackTeam "Oxford 1"]

1. e4 d6 2. d4 g6 3. Nc3 Bg7 4. Bg5 Nd7 5. Qd2 h6 6. Be3 Ngf6 7. h3 c6 8. Bd3
c5 9. Nf3 a6 10. a4 cxd4 11. Nxd4 Nc5 12. f4 Nxd3+ 13. cxd3 Nh5 14. Nde2 e5 15.
O-O exf4 16. Nxf4 Nxf4 17. Rxf4 O-O 18. Nd5 Be6 19. Nb6 Rb8 20. a5 h5 21. Rff1
Kh7 22. Kh1 Qe8 23. Bg5 Qb5 24. Bf6 Bh6 25. Qc3 d5 26. Rad1 dxe4 27. dxe4 Rfe8
28. b4 Bf8 29. Rb1 Ba2 30. Qd4 Bxb1 31. Rxb1 Bh6 32. Nd5 Rbc8 33. Be5 Rc4 34.
Nf6+ Kh8 35. Nxe8+ Kg8 36. Nf6+ Kh8 37. Qd8+ Kg7 38. Qg8# 1-0

[Event "4NCL/Div2/WGR3 vs. WES1"]
[Site "Birmingham ENG"]
[Date "2006.04.29"]
[Round "9.1"]
[White "Sowray, Peter J"]
[Black "Corkett, Anthony R"]
[Result "0-1"]
[WhiteElo "2352"]
[BlackElo "2354"]
[PlyCount "70"]
[EventDate "2006.04.29"]
[EventType "team"]
[EventRounds "11"]
[EventCountry "ENG"]
[SourceDate "2006.04.29"]
[WhiteTeam "Wood Green 3"]
[BlackTeam "Wessex 1"]

1. d4 d5 2. c4 e6 3. Nf3 Nf6 4. Bg5 c6 5. Nbd2 Be7 6. e3 Nbd7 7. Bd3 O-O 8. O-O
Re8 9. Qc2 h6 10. Bh4 Nh5 11. Bg3 Nxg3 12. hxg3 f5 13. Rac1 Bd6 14. Rfd1 Qf6
15. cxd5 cxd5 16. Qa4 Rd8 17. Rc3 g5 18. Rdc1 Nf8 19. Bb5 g4 20. Ne1 Nh7 21.
Nd3 h5 22. Nf4 h4 23. gxh4 Qxh4 24. g3 Qf6 25. Kg2 a6 26. Rxc8 Raxc8 27. Rxc8
Rxc8 28. Bd7 Rd8 29. Bxe6+ Kh8 30. Qc2 Bxf4 31. Bxf5 Rf8 32. Bxh7 Bxe3 33. Nf1
Qxf2+ 34. Qxf2 Rxf2+ 35. Kg1 Rxf1+ 0-1

[Event "4NCL/Div2/WGR3 vs. WES1"]
[Site "Birmingham ENG"]
[Date "2006.04.29"]
[Round "9.2"]
[White "Webb, Richard M"]
[Black "Woodward, Timothy"]
[Result "0-1"]
[WhiteElo "2302"]
[BlackElo "2345"]
[PlyCount "40"]
[EventDate "2006.04.29"]
[EventType "team"]
[EventRounds "11"]
[EventCountry "ENG"]
[SourceDate "2006.04.29"]
[WhiteTeam "Wessex 1"]
[BlackTeam "Wood Green 3"]

1. e4 c6 2. d4 d5 3. Nc3 dxe4 4. Nxe4 Bf5 5. Ng3 Bg6 6. h4 h6 7. Nf3 Nd7 8. h5
Bh7 9. Bd3 Bxd3 10. Qxd3 Ngf6 11. Bf4 e6 12. O-O-O Be7 13. Ne4 Nxe4 14. Qxe4
Nf6 15. Qe5 a5 16. Kb1 a4 17. Qe2 a3 18. b3 Qa5 19. Ne5 Nd5 20. Bd2 Qc3 0-1

[Event "4NCL/Div2/WGR3 vs. WES1"]
[Site "Birmingham ENG"]
[Date "2006.04.29"]
[Round "9.3"]
[White "Tiller, Bjorn"]
[Black "Allicock, Rawle A"]
[Result "1/2-1/2"]
[WhiteElo "2346"]
[BlackElo "2302"]
[PlyCount "41"]
[EventDate "2006.04.29"]
[EventType "team"]
[EventRounds "11"]
[EventCountry "ENG"]
[SourceDate "2006.04.29"]
[WhiteTeam "Wood Green 3"]
[BlackTeam "Wessex 1"]

1. e4 c5 2. d3 g6 3. f4 Bg7 4. Nf3 Nc6 5. g3 d6 6. Bg2 Bg4 7. Nbd2 Nf6 8. h3
Bxf3 9. Nxf3 O-O 10. O-O Qc7 11. Be3 b5 12. Qd2 c4 13. g4 Rad8 14. a4 b4 15.
Nd4 Nxd4 16. Bxd4 e5 17. Be3 exf4 18. Bxf4 c3 19. bxc3 bxc3 20. Qe3 Nd7 21.
Rab1 1/2-1/2

[Event "4NCL/Div2/WGR3 vs. WES1"]
[Site "Birmingham ENG"]
[Date "2006.04.29"]
[Round "9.4"]
[White "Simons, Martin J"]
[Black "Tan, Desmond"]
[Result "1/2-1/2"]
[WhiteElo "2293"]
[BlackElo "2323"]
[PlyCount "34"]
[EventDate "2006.04.29"]
[EventType "team"]
[EventRounds "11"]
[EventCountry "ENG"]
[SourceDate "2006.04.29"]
[WhiteTeam "Wessex 1"]
[BlackTeam "Wood Green 3"]

1. e4 c5 2. Nc3 Nc6 3. f4 g6 4. Nf3 Bg7 5. Bb5 Nd4 6. Nxd4 cxd4 7. Ne2 a6 8.
Bd3 d6 9. O-O Nf6 10. Ng3 Qc7 11. c3 dxc3 12. dxc3 O-O 13. Qe2 Bg4 14. Qf2 Be6
15. Qe2 Rac8 16. Be3 Bc4 17. Bd4 Bxd3 1/2-1/2

[Event "4NCL/Div2/WGR3 vs. WES1"]
[Site "Birmingham ENG"]
[Date "2006.04.29"]
[Round "9.5"]
[White "Lee, Graham D"]
[Black "Yeo, Michael J"]
[Result "1-0"]
[WhiteElo "2283"]
[BlackElo "2208"]
[PlyCount "71"]
[EventDate "2006.04.29"]
[EventType "team"]
[EventRounds "11"]
[EventCountry "ENG"]
[SourceDate "2006.04.29"]
[WhiteTeam "Wood Green 3"]
[BlackTeam "Wessex 1"]

1. e4 e5 2. Nf3 Nc6 3. Bc4 Nf6 4. Ng5 d5 5. exd5 Na5 6. Bb5+ c6 7. dxc6 bxc6 8.
Be2 h6 9. Nf3 e4 10. Ne5 Bc5 11. O-O Qd6 12. d4 Qxd4 13. Qxd4 Bxd4 14. Nc4 Nxc4
15. Bxc4 Bf5 16. c3 Bb6 17. Bf4 Rd8 18. Na3 O-O 19. Nc2 g5 20. Be3 c5 21. a4
Ng4 22. a5 Bc7 23. Bxc5 Bxh2+ 24. Kh1 Rfe8 25. Ne3 Bc7 26. Nxf5 Re5 27. Ne7+
Kh7 28. b4 Rd2 29. Ra2 Rxa2 30. Bxa2 Nh2 31. Re1 g4 32. Bxf7 Rg5 33. Bd4 g3 34.
Bg8+ Rxg8 35. Nxg8 Kxg8 36. fxg3 1-0

[Event "4NCL/Div2/WGR3 vs. WES1"]
[Site "Birmingham ENG"]
[Date "2006.04.29"]
[Round "9.6"]
[White "Neil, David R"]
[Black "Grant, Jonathan"]
[Result "0-1"]
[WhiteElo "2181"]
[BlackElo "2254"]
[PlyCount "86"]
[EventDate "2006.04.29"]
[EventType "team"]
[EventRounds "11"]
[EventCountry "ENG"]
[SourceDate "2006.04.29"]
[WhiteTeam "Wessex 1"]
[BlackTeam "Wood Green 3"]

1. c4 c5 2. Nc3 e6 3. e4 Nc6 4. g3 Nf6 5. Bg2 d5 6. d3 dxc4 7. dxc4 Qxd1+ 8.
Kxd1 Bd7 9. Nf3 O-O-O 10. Ke2 h6 11. Rd1 g5 12. h3 Bg7 13. Be3 b6 14. a3 g4 15.
Nd2 e5 16. hxg4 Nxg4 17. Nd5 Be6 18. b4 Nd4+ 19. Kd3 f5 20. Rf1 Rhf8 21. Bxd4
fxe4+ 22. Bxe4 exd4 23. Nf4 Ne5+ 24. Kc2 Bg8 25. Rac1 cxb4 26. axb4 Kb8 27. Kb1
Rc8 28. c5 b5 29. Nd3 Nc4 30. Kc2 h5 31. Rh1 Rce8 32. f3 Bh6 33. Rcd1 Ne3+ 34.
Kc1 Nxd1 35. Kxd1 Bf7 36. Bc6 Re3 37. Be4 Bc4 38. Kc2 Re2 39. f4 Re8 40. Rxh5
R8xe4 41. Rxh6 R4e3 42. Nc1 Rg2 43. Rd6 Rc3+ 0-1

[Event "4NCL/Div2/WGR3 vs. WES1"]
[Site "Birmingham ENG"]
[Date "2006.04.29"]
[Round "9.7"]
[White "Gilbert, Jessie"]
[Black "Tunks, Dominic"]
[Result "1/2-1/2"]
[WhiteElo "2144"]
[BlackElo "2155"]
[PlyCount "109"]
[EventDate "2006.04.29"]
[EventType "team"]
[EventRounds "11"]
[EventCountry "ENG"]
[SourceDate "2006.04.29"]
[WhiteTeam "Wood Green 3"]
[BlackTeam "Wessex 1"]

1. d4 Nf6 2. c4 e6 3. Nf3 b6 4. g3 Bb4+ 5. Bd2 Bxd2+ 6. Qxd2 Ba6 7. b3 O-O 8.
Bg2 Nc6 9. Ne5 Bb7 10. Nxc6 Bxc6 11. d5 Bb7 12. O-O exd5 13. cxd5 c5 14. Nc3 d6
15. e4 a6 16. f4 b5 17. Kh1 Nd7 18. Rae1 Re8 19. Nd1 a5 20. Ne3 Ra7 21. Nf5 Ra6
22. Qe2 b4 23. Qg4 g6 24. Nh6+ Kg7 25. Qh3 Bc8 26. Nxf7 Nf6 27. Nxd8 Bxh3 28.
Bxh3 Rxd8 29. Be6 a4 30. Rf2 axb3 31. axb3 Ra3 32. Rb2 Ne8 33. f5 g5 34. e5
dxe5 35. Rxe5 Nc7 36. d6 Rxd6 37. Rxc5 Nxe6 38. fxe6 Rxe6 39. Rxg5+ Kf6 40. Rg4
Rb6 41. Kg2 Rb7 42. Kf3 Ke5 43. Ke3 Ra1 44. Re4+ Kf5 45. Rf2+ Kg5 46. h4+ Kh6
47. Rff4 Rb1 48. Rxb4 Rxb3+ 49. Rxb3 Rxb3+ 50. Kf2 Kg6 51. Rf3 Rb2+ 52. Ke3
Rb3+ 53. Ke4 Rb4+ 54. Ke3 Rb3+ 55. Ke4 1/2-1/2